| 000 -LEADER |
| fixed length control field |
00378nam a22001217a 4500 |
| 082 ## - DEWEY DECIMAL CLASSIFICATION NUMBER |
| Classification number |
TNC O35 P971 |
| 100 ## - MAIN ENTRY--PERSONAL NAME |
| Personal name |
Puri, Swami Shantananda |
| 9 (RLIN) |
21903 |
| 245 ## - TITLE STATEMENT |
| Title |
Stories for meditation |
| Statement of responsibility, etc |
by Swami Shantananda Puri |
| 260 ## - PUBLICATION, DISTRIBUTION, ETC. (IMPRINT) |
| Place of publication, distribution, etc |
Banglore |
| Name of publisher, distributor, etc |
Parvathamma c.p. subbaraju setty charitable trust |
| Date of publication, distribution, etc |
2003 |
| 300 ## - PHYSICAL DESCRIPTION |
| Extent |
141p. |
| 650 ## - SUBJECT ADDED ENTRY--TOPICAL TERM |
| Topical term or geographic name as entry element |
Meditation |
| 9 (RLIN) |
21904 |
| 650 ## - SUBJECT ADDED ENTRY--TOPICAL TERM |
| Topical term or geographic name as entry element |
Public education |
| 9 (RLIN) |
21905 |